| 000 | 00760nam a2200217 u 4500 | ||
|---|---|---|---|
| 005 | 20241031063726.0 | ||
| 008 | 121107s2006 r 000 0 eng d | ||
| 020 | _a8478717226 | ||
| 035 | _aUPN01000188224 | ||
| 049 | _aI | ||
| 050 | 4 |
_aHQ53 _bH3.6 |
|
| 100 | 1 |
_aHarris, Robie H. _933704 |
|
| 245 | 1 | 1 |
_a¡No es la cigüeña! : _bun libro que habla sobre niñas, niños, bebés, cuerpos, familias y amigos / _cRobie H. Harris ; il. Michael Emberley ; tr. José Morán. |
| 260 |
_aBarcelona, Esp. : _bSerres : _bRBA, _c2006. |
||
| 300 |
_a59 p. : _bil. col. |
||
| 534 |
_pTítulo original: _tIt´s not the stork |
||
| 650 | 2 |
_aEducacion sexual para niños _93578 |
|
| 650 | 4 |
_aLibros y lectura para niños _92290 |
|
| 905 | _aInfantil | ||
| 999 |
_c160327 _d160327 |
||